000 00485cam a2200193ua 4500
003 OSt
008 241101b |||||||| |||| 00| 0 eng d
020 _a0-8243-2306-8
041 _aeng
082 _a621.47
_bHOL/AN
100 _aHollander, Jack M .
_96368
245 _aAnnual review of energy /
250 _a1 /
260 _a :
_bAnnual reviews inc ,
_c1981.
300 _a551 ; .
700 1 _aSimmons, Melvin K .
_96369
700 1 _aWood, David O .
_96370
942 _cBK
999 _c2050
_d2050